Finančné záruky poisťovní pre krytie nimi prevzatých záväzkov
Vytváranie poistných rezerv. Druhy rezerv tvorených poisťovňami. Náklady na jednotlivé druhy poistení. Rezerva na poistné plnenia. Rezerva na poistné prémie a zľavy. Rezerva na vyrovnanie mimoriadnych rizík.
Salvato in:
| Autore principale: | |
|---|---|
| Natura: | Capitolo di libro |
| Lingua: | slovacco |
| Soggetti: | |
| Tags: |
Nessun Tag, puoi essere il primo ad aggiungerne!!
|
MARC
| LEADER | 00000naa a2200000 4500 | ||
|---|---|---|---|
| 001 | r026521 | ||
| 005 | 20230925121705.1 | ||
| 041 | 0 | |a slo | |
| 044 | |a SK | ||
| 245 | 1 | 0 | |a Finančné záruky poisťovní pre krytie nimi prevzatých záväzkov |c P. Chovan |
| 520 | |a Vytváranie poistných rezerv. Druhy rezerv tvorených poisťovňami. Náklady na jednotlivé druhy poistení. Rezerva na poistné plnenia. Rezerva na poistné prémie a zľavy. Rezerva na vyrovnanie mimoriadnych rizík. | ||
| 610 | 2 | 0 | |a poistenie |
| 610 | 2 | 0 | |a rezervy poistné |
| 610 | 2 | 0 | |a riziko poistné |
| 610 | 2 | 0 | |a poisťovne |
| 100 | 1 | |a Chovan, Pavel | |